000 00719nam a2200253 i 4500
001 C2-0263855
003 PPAK
005 20211004120231.0
008 050331s2005 my a j | 0 may d
020 _a9831283163
_qpaperback
040 _aPPAK
_beng
_cPPAK
_erda
082 0 4 _a499.2386
_223
090 0 0 _a499.2386
_bJAM
_dK
245 0 0 _aJam yang malang /
264 1 _aKuala Lumpur :
_bPenerbitan Fargoes,
_c2005
300 _a16 pages :
_bcolour illustrations ;
_c26 cm
336 _2rdacontent
_atext
337 _2rdamedia
_aunmediated
338 _2rdacarrier
_avolume
490 1 _aSiri tekun membaca (jawi)
650 1 0 _aMalay language
_vReaders
830 0 _aSiri tekun membaca (jawi)
942 _cB
_2ddc
999 _c73916
_d73916